header

Feminist counselling in action (Record no. 93144)

MARC details
000 -LEADER
fixed length control field 01356nam a2200385Ia 4500
100 1# - MAIN ENTRY--AUTHOR NAME
Personal name Chaplin, Jocelyn.
245 10 - TITLE STATEMENT
Title Feminist counselling in action
250 ## - EDITION STATEMENT
Edition statement 2nd ed.
260 ## - PUBLICATION, DISTRIBUTION, ETC. (IMPRINT)
Place of publication London ;
-- Thousand Oaks, Calif. :
Name of publisher Sage Publications,
Year of publication 1999.
300 ## - PHYSICAL DESCRIPTION
Number of Pages x, 144 p. :
Other physical details ill.
490 1# - SERIES STATEMENT
Series statement Counselling in action
650 #0 - SUBJECT ADDED ENTRY--TOPICAL TERM
Topical Term Women
Topical Term Feminism.
Topical Term Counseling.
Topical Term Feminist psychology.
856 40 - ELECTRONIC LOCATION AND ACCESS
Uniform Resource Identifier http://site.ebrary.com/lib/rucke/Doc?id=10567009

No items available.

© 2026 Rongo University
Contact us: librarian | system librarian | Rongo university